Responses for show #574 - Thursday, February 19, 1987

1987 Teen Tournament quarterfinal game 4.

Contestants

Lisa Patterson, a junior at Pasadena High School from Pasadena, Texas

Brian Kalt, a freshman at Southfield Lathrup High School from Southfield, Michigan

Dana Venator, a junior at Briarcliff High School from Decatur, Georgia

Jeopardy! Round responses

FIRST LINES
AMERICANA
COMMON BONDS
MOVIE TRIVIA
FAIRIES
"BUG"s
    $100 3
"Hansel & Gretel"

Dana
    $100 10
"Swanee River" ("Old Folks at Home"

Brian
    $100 26
Khans

Brian
    $100 1
screen

Lisa
    $100 7
tooth fairy

Lisa
    $100 9
jitterbug

Brian
    $200 11
The hills are alive

Dana
    $200 14
Bowie knife

Brian
    $200 27
Spaniels

Lisa
    $200 2
Tom Cruise

Brian
    $200 8
babies

Brian
    $200 15
shutterbug

Dana
    $300 12
Nicholas Nickleby

Lisa
    $300 20
Pocahontas

Dana
    $300 28
people known for their long hair

Brian
    $300 4
Sean Penn

Dana
    $300 16
Fairy Godmother

Dana
    $300 23
bug-eyed

Dana
    $400 13
Little Women

Brian
    $400 21
(Brian: What is a portrait?)

statue

BrianLisa
    $400 29
[The end of the round signals.]

dreams

Brian
    $400 5
The Mummy

Lisa
    $400 17
[Note: Before revealing the Double Jeopardy round categories, Alex, wanting to avoid thousands of letters from classical music fans, announced the music had been cued up to the wrong spot. Alex compliments Dana for being so sharp.]

Sugar Plum Fairy

Dana
    $400 24
bug house

Triple Stumper
    $500 19
Peter Pan

Lisa
    $500 22
(Alex: You're absolutely right and we've got less than a minute to go in the round.)

governor's head

Brian
    $500 6
Diane Keaton, Sissy Spacek & Jessica Lange

Dana
    $500 18
fairy circles (fairy rings)

Dana
    $500 25
buggy

Dana

Scores at the first commercial break (after clue 13):

Dana Brian Lisa
$1,100 $1,000 $900

Scores at the end of the Jeopardy! Round:

Dana Brian Lisa
$3,600 $2,100 $2,000

Double Jeopardy! Round responses

MARINE BIOLOGY
SAPPHIRES
RELIGIOUS HISTORY
EASTERN EUROPE
SINGERS
LAST LINES
    $200 14
(Brian: What is female?)

male

DanaBrian
    $200 11
September

Dana
    $200 12
(Dana: Uh, what is the Torah?)

Old Testament (Judges)

DanaBrian
    $200 13
18

Brian
    $200 1
Cyndi Lauper

Lisa
    $200 3
Pledge of Allegiance

Dana
    $400 18
(Dana: What is the luffa?)

sponge

DanaLisa
    $400 25
(Brian: What is Earth?)

Saturn

Brian
Triple Stumper
    $400 15
Israel

Brian
    $400 16
Poland

Dana
    $400 2
Don Johnson

Brian
    $400 4
opening of Star Trek

Lisa
    $600 21
none

Brian
    $600 27
hardness

Dana
    $600 22
Hindu

Dana
    $600 17
Marco Polo

Brian
    $600 6
Whitney Houston

Dana
    $600 5
The Godfather

Lisa
    $800 26
(Alex: We've got less than a minute to go in the round.)

sleeping

Triple Stumper
    $800 28
color

Lisa
    $800 23
Quaker

Brian
    $800 19
Danube

Dana
    $500 9
(Lisa: Who is Michelle Phillips?)
[Alex says nothing while allowing time for Lisa to complete her response.]

Michelle Phillips & John Phillips

Lisa
    $800 7
National Velvet

Dana
    $1000 30
algae

Brian
    $1000 29
Kashmir

Triple Stumper
    $1000 24
Book of Mormon

Dana
    $400 20
(Dana: What is Turkey?)

Albania

Dana
    $1000 10
Simon & Schuster

Lisa
    $1000 8
The Velveteen Rabbit

Lisa

Scores at the end of the Double Jeopardy! Round:

Dana Brian Lisa
$8,000 $5,700 $5,900

Final Jeopardy! Round responses

LANDMARKS
BrianWhat is the Capitol
$1,300
LisaWhat is the Capitol?
$0
DanaWhat is Monticello?
$3,000
Capitol

Final scores:

Dana Brian Lisa
$5,000 $7,000 $5,900
3rd place: $1,000 if eliminated Automatic semifinalist 2nd place: $1,000 if eliminated

Game dynamics:

Coryat scores:

Dana Brian Lisa
$8,400 $5,700 $6,400
21 R
(including 1 DD),
3 W
(including 1 DD)
18 R,
3 W
14 R,
1 W
(including 1 DD)

Combined Coryat: $20,500

The J! Archive is created by fans, for fans. The Jeopardy! game show and all elements thereof, including but not limited to copyright and trademark thereto, are the property of Jeopardy Productions, Inc. and are protected under law. This website is not affiliated with, sponsored by, or operated by Jeopardy Productions, Inc. Join the discussion at JBoard.tv.